000 00344nam a2200145Ia 4500
008 230718s9999 xx 000 0 und d
041 _aEng.
082 _a344.52
_bHAS-E
100 _aHasan,Javad
245 0 _aEnvironmental law in Pakistan
260 _aPakistan
_bManzoor book house
_c2014
300 _a758
650 _aLaw
999 _c30189
_d30189